Normal view MARC view

Entry Topical Term

Number of records used in: 4

001 - CONTROL NUMBER

  • control field: 38489

003 - CONTROL NUMBER IDENTIFIER

  • control field: dpl

005 - DATE AND TIME OF LATEST TRANSACTION

  • control field: 20120106115923.0

008 - FIXED-LENGTH DATA ELEMENTS

  • fixed length control field: 120106|||a|||||| | ||| d

040 ## - CATALOGING SOURCE

  • Original cataloging agency: dpl
  • Transcribing agency: dpl

150 ## - HEADING--TOPICAL TERM

  • Topical term or geographic name as entry element: Database management

670 ## - SOURCE DATA FOUND

  • Source citation: Work cat.: (dpl): Manjula, K.A. 38484, Understanding database management systems /, 2011

670 ## - SOURCE DATA FOUND

  • Source citation: Work cat.: (dpl): Manjula, K.A. 38484, Understanding database management systems /, 2011

© Delhi Public Library
Hit Counter
free hit counter